000 00560nam a2200181Ia 4500
008 151018s9999 xx 000 0 und d
082 _bRBASDV4048
_a891.462
100 _aय दि पेंढारकर
245 _aघायाळ
250 _b1
260 _bदेशमुख आणि कंपनी पब्लिशस पुणे
_c1944
300 _a89
600 _aय दि पेंढारकर
630 _aघायाळ
700 _aय दि पेंढारकर
730 _aघायाळ
942 _cBOOK
999 _c1006449
_d1006446